[Event "Budapest Art Pub op 9th"]
[Site "Budapest"]
[Date "2015.11.22"]
[Round "6"]
[White "Mihok, Laszlo"]
[Black "Szendeff, Miklos"]
[Result "1/2-1/2"]
[WhiteElo "2085"]
[BlackElo "1835"]
[PlyCount "138"]
[EventDate "2015.11.20"]
[EventType "swiss"]
[EventRounds "6"]
[EventCountry "HUN"]
[SourceTitle "CBM 169 Extra"]
[Source "ChessBase"]
[SourceDate "2015.12.18"]
[SourceVersion "1"]
[SourceVersionDate "2015.12.18"]
[SourceQuality "1"]

1. d4 d5 2. Bg5 h6 3. Bh4 Nd7 4. e3 Ngf6 5. c4 g5 6. Bg3 Ne4 7. cxd5 Nxg3 8. hxg3 Nf6 9. Bb5+ Bd7 10. Bc4 Bg7 11. Nc3 a6 12. a4 c6 13. dxc6 Bxc6 14. d5 b5 15. axb5 axb5 16. Bb3 Rxa1 17. Qxa1 Nxd5 18. Nxd5 Bxd5 19. Qa2 Bxb3 20. Qxb3 Qa5+ 21. Ke2 Qa4 22. Qd5 Qc4+ 23. Qd3 Bxb2 24. Nf3 Qxd3+ 25. Kxd3 b4 26. Nd2 Kd7 27. Nc4 Ba3 28. Kc2 h5 29. Kb3 Ke6 30. Nxa3 bxa3 31. Kxa3 Kf5 32. Kb3 h4 33. Kc3 h3 34. Rxh3 Ra8 35. g4+ Kxg4 36. Rg3+ Kf5 37. Rf3+ Kg6 38. Kd3 Ra3+ 39. Kd4 Ra4+ 40. Kc3 Ra2 41. g4 e6 42. Kd3 Rb2 43. Kc3 Ra2 44. Kb3 Rd2 45. e4 Re2 46. Kc3 Rxe4 47. Rg3 f5 48. gxf5+ exf5 49. Kd3 Ra4 50. Ke2 Ra2+ 51. Kf1 f4 52. Rb3 Kh5 53. Kg2 Kh4 54. Rb4 Ra3 55. Rc4 Rb3 56. Ra4 Kg4 57. Rc4 Kf5 58. Rc5+ Kg6 59. Rc4 Kh5 60. Ra4 Rb5 61. Kf3 Kh4 62. Kg2 Rf5 63. f3 Rb5 64. Ra2 Rb1 65. Rc2 Rb3 66. Ra2 Rc3 67. Rb2 Rd3 68. Ra2 Re3 69. Rc2 g4 1/2-1/2

[Event "HUN-chT2 Breyer 1314"]
[Site "Hungary"]
[Date "2014.04.27"]
[Round "9"]
[White "Nagy, Istvan Miklos"]
[Black "Szendeff, Miklos"]
[Result "0-1"]
[WhiteElo "1511"]
[BlackElo "1816"]
[PlyCount "98"]
[EventDate "2013.09.08"]
[EventType "team-tourn"]
[EventRounds "9"]
[EventCountry "HUN"]
[SourceTitle "EXT 2016"]
[Source "ChessBase"]
[SourceDate "2015.10.08"]
[SourceVersion "1"]
[SourceVersionDate "2015.10.08"]
[SourceQuality "1"]
[WhiteTeam "Gyor Szechenyi"]
[BlackTeam "Zsambek"]
[WhiteTeamCountry "HUN"]
[BlackTeamCountry "HUN"]

1. e4 d6 2. d4 Nf6 3. Nc3 g6 4. Bc4 Bg7 5. Be3 Nxe4 6. Bxf7+ Kxf7 7. Nxe4 Rf8 8. Qd2 Nc6 9. 0-0-0 Kg8 10. Ne2 a5 11. h4 Nb4 12. Kb1 Bf5 13. N2g3 Qd7 14. f3 Qa4 15. a3 Nd5 16. Bh6 b5 17. Bxg7 Kxg7 18. Nxf5+ gxf5 19. Nc3 Nxc3+ 20. Qxc3 b4 21. Qb3 Qxb3 22. cxb3 f4 23. Rhe1 Kf7 24. Rc1 Ra7 25. Re4 Ke8 26. d5 Kd7 27. Rce1 Rf7 28. axb4 axb4 29. Rxb4 Ra5 30. Rd4 Rf5 31. Red1 e6 32. dxe6+ Kxe6 33. Kc2 Kf6 34. Rc4 Rac5 35. Rdd4 Kg6 36. b4 Rxc4+ 37. Rxc4 Rf7 38. b5 Kh5 39. Rc6 Kxh4 40. b6 cxb6 41. Rxd6 Kg3 42. Rd2 h5 43. Kd1 h4 44. Ke1 h3 45. gxh3 Kxf3 46. Rd3+ Kg2 47. h4 f3 48. Rd2+ f2+ 49. Rxf2+ Rxf2 0-1

[Event "HUN-chT2 Breyer 1314"]
[Site "Hungary"]
[Date "2014.02.16"]
[Round "5"]
[White "Toth, Istvan2222"]
[Black "Szendeff, Miklos"]
[Result "0-1"]
[WhiteElo "1948"]
[BlackElo "1816"]
[PlyCount "66"]
[EventDate "2013.09.08"]
[EventType "team-tourn"]
[EventRounds "9"]
[EventCountry "HUN"]
[SourceTitle "EXT 2016"]
[Source "ChessBase"]
[SourceDate "2015.10.08"]
[SourceVersion "1"]
[SourceVersionDate "2015.10.08"]
[SourceQuality "1"]
[WhiteTeam "Zoltek"]
[BlackTeam "Zsambek"]
[WhiteTeamCountry "HUN"]
[BlackTeamCountry "HUN"]

1. d4 g6 2. c4 Bg7 3. Nc3 d6 4. Nf3 Nf6 5. Bg5 Nbd7 6. e3 h6 7. Bh4 g5 8. Bg3 Nh5 9. Bd3 Ndf6 10. Qc2 c6 11. Rb1 Bg4 12. Nd2 Nxg3 13. hxg3 Qc7 14. 0-0 Bd7 15. Rfc1 h5 16. f3 g4 17. Kf2 0-0-0 18. d5 h4 19. Nde4 gxf3 20. Nxf6 Bxf6 21. Bf5 fxg2 22. Qe4 h3 23. dxc6 Qxc6 24. Nd5 Bxf5 25. Qxf5+ Qd7 26. Qf3 Be5 27. c5 Kb8 28. b4 Rdg8 29. b5 dxc5 30. b6 Qg4 31. bxa7+ Kxa7 32. Rxb7+ Kxb7 33. Rb1+ Ka7 0-1

[Event "HUN-chT2 Breyer 1314"]
[Site "Hungary"]
[Date "2013.09.22"]
[Round "2"]
[White "Szendeff, Miklos"]
[Black "Papp, Gabor1111"]
[Result "1-0"]
[WhiteElo "1816"]
[BlackElo "1906"]
[PlyCount "85"]
[EventDate "2013.09.08"]
[EventType "team-tourn"]
[EventRounds "9"]
[EventCountry "HUN"]
[SourceTitle "EXT 2016"]
[Source "ChessBase"]
[SourceDate "2015.10.08"]
[SourceVersion "1"]
[SourceVersionDate "2015.10.08"]
[SourceQuality "1"]
[WhiteTeam "Zsambek"]
[BlackTeam "Gyor Komszomol"]
[WhiteTeamCountry "HUN"]
[BlackTeamCountry "HUN"]

1. e4 c5 2. Nf3 Nc6 3. c3 e6 4. d4 cxd4 5. cxd4 Nf6 6. Nc3 Bb4 7. Qc2 d5 8. e5 Ne4 9. Bb5 Qa5 10. 0-0 Bxc3 11. Bxc6+ bxc6 12. bxc3 Qxc3 13. Qxc3 Nxc3 14. Ba3 Ba6 15. Rfe1 h6 16. g3 Kd7 17. Kg2 Ne4 18. Re3 Rhb8 19. Ne1 Rb7 20. Rd1 f6 21. h4 fxe5 22. dxe5 Rb5 23. Rxe4 Ra5 24. Re3 c5 25. Nd3 Bxd3 26. Rdxd3 c4 27. Rd2 Rb8 28. Bd6 Rb1 29. Bf8 Rc1 30. Ra3 c3 31. Rd3 c2 32. Kf3 Rd1 33. Rdc3 Rd3+ 34. Rxd3 c1Q 35. Rxa5 Qb1 36. Raa3 Qh1+ 37. Ke2 Qe4+ 38. Re3 Qc4+ 39. Kf3 g5 40. hxg5 hxg5 41. Rxa7+ Ke8 42. Bd6 Qc2 43. Kg2 1-0

[Event "HUN-chT2 Breyer 1213"]
[Site "Hungary"]
[Date "2013.04.07"]
[Round "10.8"]
[White "Szendeff, Miklos"]
[Black "Zalan, Janos"]
[Result "1/2-1/2"]
[WhiteElo "1798"]
[BlackElo "1956"]
[PlyCount "26"]
[EventDate "2012.09.16"]
[EventType "team-tourn"]
[EventRounds "11"]
[EventCountry "HUN"]
[SourceTitle "EXT 2014"]
[Source "ChessBase"]
[SourceDate "2013.11.20"]
[SourceVersion "1"]
[SourceVersionDate "2013.11.20"]
[SourceQuality "1"]
[WhiteTeam "Zsambek"]
[BlackTeam "Gyor Komszomol"]
[WhiteTeamCountry "HUN"]
[BlackTeamCountry "HUN"]

1. e4 e5 2. f4 Bc5 3. Nf3 d6 4. d4 exd4 5. Bd3 Ne7 6. 0-0 Nbc6 7. a3 a5 8. Qe1 Ng6 9. Qg3 h5 10. h4 Bg4 11. Nbd2 Qe7 12. b3 0-0-0 13. Bb2 Kb8 1/2-1/2